Les 37 langues officielles de la Bolivie - Statistiques

Statistiques générales
  • Ce quiz a été pris 69 fois
  • Le résultat moyen est 3 sur 37
Statistiques - réponses
langue officielle % Correct
Espagnol
100%
Quechua
63%
Aymara
34%
Guarani
27%
Baure
5%
Moré
5%
Araona
3%
Canichana
3%
Cavineña
3%
Cayubaba
3%
Chácobo
3%
Ese ’ejja
3%
Itonama
3%
Puquina
3%
Tacana
3%
Yuki
3%
Yuracaré
3%
Bésiro
2%
Chimán
2%
Guarasu'we
2%
Mosetén
2%
Movima
2%
Sirionó
2%
Tapiete
2%
Toromona
2%
Uru-chipaya
2%
Zamuco
2%
Guarayu
0%
Leco
0%
Machajuyai-kallawaya
0%
Machineri
0%
Maropa
0%
Mojeño-ignaciano
0%
Mojeño-trinitario
0%
Pacawara
0%
Weenhayek
0%
Yaminawa
0%
Aucun quiz correspondant
Distribution des résultats
% des personnes avec chaque résultat
Percentile par nombre de réponses
Votre historique - résultats
Vous n’avez pas pris ce quiz